La empresa de ser hombre
Gorde:
| Egile nagusia: | |
|---|---|
| Formatua: | Liburua |
| Hizkuntza: | gaztelania |
| Argitaratua: |
Madrid
Taurus
1963
|
| Edizioa: | 2a. ed |
| Saila: | Colección Ser y Tiempo, 32
|
| Gaiak: | |
| Etiketak: |
Etiketa erantsi
Etiketarik gabe, Izan zaitez lehena erregistro honi etiketa jartzen!
|
MARC
| LEADER | 00000cam a2200000 a 4500 | ||
|---|---|---|---|
| 001 | UCZ1652 | ||
| 003 | CL-VaPUC | ||
| 008 | 950831e19630000SP |||||||||||||||||spa|d | ||
| 082 | 0 | 4 | |a 864 |b LAI |2 21 |
| 100 | |a Laín Entralgo, Pedro |e author |9 587753 | ||
| 245 | 1 | 3 | |a La empresa de ser hombre |
| 250 | |a 2a. ed | ||
| 300 | |a 275 p | ||
| 942 | |c BK | ||
| 945 | |d 19950831 00:00:00 |a rbrito | ||
| 260 | |a Madrid |b Taurus |c 1963 | ||
| 650 | 0 | |a Ensayos españoles |9 313128 | |
| 583 | |a last modification |c 20160505 01:51:46 |k Rodrigo Vera | ||
| 490 | 0 | |a Colección Ser y Tiempo, 32 | |
| 999 | |c 238371 |d 238369 | ||
| 952 | |0 0 |1 0 |4 0 |6 864_000000000000000_LAI_1963 |7 0 |8 A |9 248531 |a BIBEDU |b BIBEDU |d 2019-11-18 |i 3106276 |o 864 LAI 1963 |p 3106276 |r 2019-11-18 |w 2019-11-18 |y BK |k LIT | ||
| 952 | |0 0 |1 0 |3 erb |4 0 |6 864_000000000000000_LAI_1963 |7 0 |8 A |9 248532 |a BIBEDU |b BIBEDU |e Familia Cárdenas Lailhacar |i 5300576 |o 864 LAI 1963 |p 5300576 |r 2019-11-18 |w 2019-11-18 |y BK |z Catalogado en:20160505 |k FIL | ||